000 00771nam a2200241 a 4500
001 BRL_1657
005 20190320211317.0
008 210414s1938----mx-#######---#000-0#spa-#
041 _aspa
044 _amx
050 4 _aF1230
_b.A43 1983
100 1 _aAguilar, Francisco de
_cFray
_927556
245 1 0 _aHistoria de la Nueva España
_cFray Francisco de Aguilar ; copiada y revisada por Alfonso Teja Zabre.
260 _aMéxico
_bBotas
_c1938
300 _a100 p.
_c25 cm.
500 _aAu1898
500 _aEstado físico: Se esta desprendiendo la pasta del lomo.
600 1 4 _aCortés, Hernán
_d1485-1547
_9439
651 4 _aMéxico
_xHistoria
_zConquista, 1519-1540
_927557
700 1 _aTeja Zabre, Alfonso
_d1888-1962
_923352
902 _aGRL
942 _2lcc
_cB
999 _c10466
_d10466